Statistics for Countries with the Most Irrigated Land

Click here to take the quiz!

General Stats

  • This quiz has been taken 538 times
    (108 since last reset)
  • The average score is 16 of 21

Answer Stats

AreaDataCountry% Correct
238,0002023United States
98%
1,000,0002023China
96%
43,0002012Russia
96%
695,0002023India
94%
54,0002012Brazil
92%
65,0002012Mexico
91%
36,5002012Egypt
82%
210,0002023Pakistan
81%
100,0002023Iran
80%
52,1502012Turkey
80%
67,2202012Indonesia
75%
38,0002012Spain
75%
46,0002012Vietnam
69%
35,2502012Iraq
67%
39,5002012Italy
66%
64,1502012Thailand
66%
53,0002012Bangladesh
65%
32,0802012Afghanistan
54%
32,0002012Poland
53%
42,1502012Uzbekistan
49%
31,4902012Romania
34%

Score Distribution

Percentile by Number Answered

Percent of People with Each Score

Your Score History

You have not taken this quiz since the last reset